| 000 | 00906cad a22001935a 4500 | ||
|---|---|---|---|
| 001 | L150274 | ||
| 008 | 100722e20100618xxk f s 000 0 eng d | ||
| 035 | _a(Sirsi) u150515 | ||
| 041 | 0 | _aeng | |
| 110 | 2 |
_aCouncil of Mortgage Lenders _95903 |
|
| 245 | 0 | 0 |
_aMarket commentary _h[electronic resource] |
| 490 |
_aCML Market Commentary _vJuly 2010 |
||
| 520 | _aHouse prices are stabilising and more property is coming onto the market following the abolition of home information packs. This may improve liquidity in the market, but transaction levels are subdued and likely to remain so while access to credit remains constrained. | ||
| 590 | _aKA NTK | ||
| 651 | 4 |
_aEngland and Wales _y1543- |
|
| 690 | _aPROPERTY-RESIDENTIAL PROPERTY-RESIDENTIAL PROPERTY MARKET | ||
| 856 | 4 | 0 |
_uhttps://www.cml.org.uk/cml/publications/marketcommentary _zView the commentary free of charge at www.cml.org.uk |
| 942 | _n0 | ||
| 999 |
_c110897 _d110897 |
||